LEADER 01293nam 2200349Ia 450 001 996396333403316 005 20221108040801.0 035 $a(CKB)4330000000340439 035 $a(EEBO)2240856996 035 $a(OCoLC)14507444 035 $a(EXLCZ)994330000000340439 100 $a19861023d1692 uy | 101 0 $aeng 135 $aurbn||||a|bb| 200 10$aMysteries in religion vindicated, or, The filiation, deity and satisfaction of our Saviour asserted against Socinians and others$b[electronic resource] $ewith occasional reflections on several late pamphlets /$fby Luke Milbourne .. 210 $aLondon $cPrinted for Walter Kettilby ...$d1692 215 $a[16], 784, [13] p 300 $aImperfect: pages tightly bound with some loss of print. 300 $aReproduction of original in the Cambridge University Library. 330 $aeebo-0021 606 $aSocinianism 615 0$aSocinianism. 700 $aMilbourne$b Luke$f1649-1720.$01002145 801 0$bEAG 801 1$bEAG 801 2$bm/c 801 2$bUMI 801 2$bWaOLN 906 $aBOOK 912 $a996396333403316 996 $aMysteries in religion vindicated, or, The filiation, deity and satisfaction of our Saviour asserted against Socinians and others$92395519 997 $aUNISA LEADER 01245nam0 22003373i 450 001 TO00756178 005 20231121125840.0 010 $a074561535X 010 $a0745618804$bpbk 100 $a20150824d1997 ||||0itac50 ba 101 | $aeng 102 $agb 181 1$6z01$ai $bxxxe 182 1$6z01$an 200 1 $a˜A œcultural history of humour$efrom antiquity to the present day$fedited by Jan Bremmer and Herman Roodenburg 210 $aCambridge$cPolity Press$d1997 215 $aXII, 264 p.$cill.$d24 cm 300 $aCongresso tenuto ad Amsterdam, 1994. 606 $aUmorismo$xAspetti socio-culturali$xStoria$2FIR$3RMLC380759$9I 676 $a152.4$9EMOZIONI E SENTIMENTI$v21 702 1$aBremmer$b, Jan N.$3PALV041558 702 1$aRoodenburg$b, Herman$3TO0V038307 790 1$aBrenner$b, Jan$3PALV051765$zBremmer, Jan N. 801 3$aIT$bIT-01$c20150824 850 $aIT-FR0017 899 $aBiblioteca umanistica Giorgio Aprea$bFR0017 $eN 912 $aTO00756178 950 0$aBiblioteca umanistica Giorgio Aprea$d 52MAG 8/1621$e 52FLS0000251995 VMN RS $fA $h20161019$i20161019 977 $a 52 996 $aCultural history of humour$93638248 997 $aUNICAS